The Monte Carlo method; the method of statistical trials
Disimpan dalam:
| Pengarang Utama: | |
|---|---|
| Pengarang-pengarang Lain: | |
| Format: | Buku |
| Bahasa: | English Russian |
| Diterbitkan: |
Oxford, New York,
Pergamon Press
[1966]
|
| Siri: | International series of monographs in pure and applied mathematics ;
v. 87. |
| Subjek-subjek: | |
| Penanda-penanda: |
Tambah Penanda
Tiada Penanda, Jadilah orang pertama menanda rekod ini!
|
| LEADER | 01859cam a2200313 4500 | ||
|---|---|---|---|
| 001 | 001066599-4 | ||
| 005 | 20160408192836.0 | ||
| 008 | 720627s1966 enka b 000 0 enge | ||
| 010 | |a 64008052 | ||
| 035 | 0 | |a ocm00343365 | |
| 040 | |a DLC |c WSU |d OCL |d SER | ||
| 041 | 1 | |a eng |h rus | |
| 050 | 0 | |a QA273 |b .S5613 1966 | |
| 082 | |a 519 | ||
| 100 | 1 | |a Shreĭder, I︠U︡. A. |q (I︠U︡liĭ Anatolʹevich) | |
| 245 | 1 | 4 | |a The Monte Carlo method; |b the method of statistical trials |c [by] N.P. Buslenko [and others] Edited by Yu. A. Shreider. Translated from the Russian by G.J. Tee. Translation edited by D.M. Parkyn. |
| 260 | |a Oxford, |a New York, |b Pergamon Press |c [1966] | ||
| 300 | |a xii, 381 p. |b illus. |c 23 cm. | ||
| 490 | 1 | |a International series of monographs in pure and applied mathematics ; |v v. 87 | |
| 500 | |a Translation of: Metod statisticheskikh ispytaniĭ; metod Monte-Karlo (title transliterated). | ||
| 504 | |a Bibliography: p. 356-370. | ||
| 505 | 0 | |a Principles of the Monte Carlo method -- Computation of definite integrals -- Application of the Monte Carlo method to neutron physics -- Application of the Monte Carlo method to the investigation of servicing processes -- Applications of the Monte Carlo method to communication theory -- Generation of uniformly distributed random variables on electronic computers -- Transformation of random numbers -- Appendix I. Table of random digits -- Appendix II. Table of normal variables. | |
| 650 | 0 | |a Monte Carlo method. | |
| 650 | 1 | 2 | |a Monte Carlo Method. |
| 700 | 1 | |a Buslenko, N. P. |q (Nikolaĭ Panteleĭmonovich) | |
| 776 | 0 | 8 | |i Online version: |a Shreĭder, I͡U. A. (I͡Uliĭ Anatolʹevich). |t Monte Carlo method. |d Oxford, New York, Pergamon Press [1966] |w (OCoLC)562371756 |
| 830 | 0 | |a International series of monographs in pure and applied mathematics ; |v v. 87. | |
| 988 | |a 20020608 | ||
| 906 | |0 DLC | ||


